Exposició Tarradellas : la legitimitat d'una doble presidència (1977-1980) la legitimitat d'una doble presidència (1977-1980)
Descripción Física:
1 targeta postal : il·lustracions ; 15 x 10 cm
Materias:
Tarradellas, Josep, -- 1899-1988
; Tarradellas, Josep, -- 1899-1988 -- Exposicions
; Targetes postals
Idioma:
Catalán
MARC
| LEADER | 00000nkm a22000007a 4500 | ||
|---|---|---|---|
| 001 | 25642 | ||
| 008 | 220525b spa||||| |||| 00| 0 cat d | ||
| 017 | |a DL B 18411-2017 | ||
| 080 | |a NBM-13-146 | ||
| 245 | |a Exposició Tarradellas : |b la legitimitat d'una doble presidència (1977-1980) | ||
| 260 | |a Barcelona : |b Diputació de Barcelona, |c 2017 | ||
| 300 | |a 1 targeta postal : |b il·lustracions ; |c 15 x 10 cm | ||
| 600 | 0 | |a Tarradellas, Josep, |d 1899-1988 |9 25479 | |
| 600 | 0 | |9 53103 |a Tarradellas, Josep, |d 1899-1988 |v Exposicions | |
| 655 | 0 | |9 52685 |a Targetes postals | |
| 710 | 1 | |a Barcelona (Catalunya : Província). |b Diputació |9 52408 | |
| 942 | |2 udc |c ARXIU |n 1 | ||
| 952 | |0 0 |1 0 |4 0 |6 NBM13146 |7 1 |9 62033 |a Arxiu |b Arxiu |d 2022-05-25 |l 0 |o NBM-13-146 |p 25642 |r 2022-05-25 00:00:00 |w 2022-05-25 |y ARXIU | ||
| 999 | |c 81749 |d 81749 | ||